<?xml version="1.0" encoding="UTF-8"?>
<record
    xmlns:xsi="http://www.w3.org/2001/XMLSchema-instance"
    xsi:schemaLocation="http://www.loc.gov/MARC21/slim http://www.loc.gov/standards/marcxml/schema/MARC21slim.xsd"
    xmlns="http://www.loc.gov/MARC21/slim">

  <leader>01823njm a2200373Ia 4500</leader>
  <controlfield tag="001">27387</controlfield>
  <controlfield tag="003">IT-RoPAU</controlfield>
  <controlfield tag="005">20220918181140.0</controlfield>
  <controlfield tag="008">131025s9999    xx            000 0 und d</controlfield>
  <datafield tag="040" ind1=" " ind2=" ">
    <subfield code="a">IT-RoPAU</subfield>
  </datafield>
  <datafield tag="040" ind1=" " ind2=" ">
    <subfield code="c">IT-RoPAU</subfield>
  </datafield>
  <datafield tag="041" ind1=" " ind2=" ">
    <subfield code="a">ITALIANO</subfield>
  </datafield>
  <datafield tag="999" ind1=" " ind2=" ">
    <subfield code="c">101163</subfield>
    <subfield code="d">101163</subfield>
  </datafield>
  <datafield tag="999" ind1=" " ind2=" ">
    <subfield code="b">n.d.</subfield>
  </datafield>
  <datafield tag="100" ind1=" " ind2=" ">
    <subfield code="a">De Sio Teresa</subfield>
    <subfield code="9">1907</subfield>
  </datafield>
  <datafield tag="100" ind1=" " ind2=" ">
    <subfield code="e">Autore musica</subfield>
    <subfield code="9">17875</subfield>
  </datafield>
  <datafield tag="100" ind1=" " ind2=" ">
    <subfield code="g">Codice autore musica SPICS: 7265</subfield>
    <subfield code="9">1909</subfield>
  </datafield>
  <datafield tag="245" ind1=" " ind2=" ">
    <subfield code="a">Africana</subfield>
  </datafield>
  <datafield tag="250" ind1=" " ind2=" ">
    <subfield code="a">1a ed.</subfield>
  </datafield>
  <datafield tag="260" ind1=" " ind2=" ">
    <subfield code="a">ITALIA</subfield>
  </datafield>
  <datafield tag="260" ind1=" " ind2=" ">
    <subfield code="b">PHILIPS</subfield>
    <subfield code="c">1985 [1a Ed.:1985 - Ed. Lingua Orig.: 1985]</subfield>
  </datafield>
  <datafield tag="300" ind1=" " ind2=" ">
    <subfield code="a">DISCO</subfield>
  </datafield>
  <datafield tag="300" ind1=" " ind2=" ">
    <subfield code="c">39 minuti (Testo:  pag.)</subfield>
  </datafield>
  <datafield tag="500" ind1=" " ind2=" ">
    <subfield code="a">Canzone italiana</subfield>
  </datafield>
  <datafield tag="505" ind1=" " ind2=" ">
    <subfield code="a">Scura (5:00) - U.F.O. (5:00) - Mano e mano (5:00) - Africana (5:00) - Ma che bella cosa (4:00) - Tamburo (5:00) - Camminando sull'orlo dei mari (5:00) - L'anno del sole intero (5:00) - Sotto 'o cielo (3:00) - Veneno e vanno (3:00)</subfield>
  </datafield>
  <datafield tag="650" ind1=" " ind2=" ">
    <subfield code="a">CANZONE ITALIAN [DISCHI]</subfield>
    <subfield code="e">Codice MATERIA SPICS: 9950</subfield>
    <subfield code="9">17876</subfield>
  </datafield>
  <datafield tag="700" ind1=" " ind2=" ">
    <subfield code="a">De Sio Teresa</subfield>
    <subfield code="g">Codice interprete SPICS: 7265</subfield>
    <subfield code="e">Interprete</subfield>
    <subfield code="9">17877</subfield>
  </datafield>
  <datafield tag="700" ind1=" " ind2=" ">
    <subfield code="a">De Rienzo Gigi</subfield>
    <subfield code="g">Codice autore testo/musica SPICS: 23255</subfield>
    <subfield code="e">Autore testo/musica</subfield>
    <subfield code="p">Scura</subfield>
    <subfield code="9">17878</subfield>
  </datafield>
  <datafield tag="700" ind1=" " ind2=" ">
    <subfield code="a">Bruno Francesco</subfield>
    <subfield code="g">Codice autore testo/musica SPICS: 23254</subfield>
    <subfield code="e">Autore testo/musica</subfield>
    <subfield code="p">U.F.O. - Mano e mano - Ma che bella cosa - Tamburo - L'anno del sole intero</subfield>
    <subfield code="9">17879</subfield>
  </datafield>
  <datafield tag="700" ind1=" " ind2=" ">
    <subfield code="a">Vitolo Ernesto</subfield>
    <subfield code="g">Codice autore testo/musica SPICS: 23723</subfield>
    <subfield code="e">Autore testo/musica</subfield>
    <subfield code="p">Africana</subfield>
    <subfield code="9">17880</subfield>
  </datafield>
  <datafield tag="700" ind1=" " ind2=" ">
    <subfield code="a">Rea Danilo</subfield>
    <subfield code="g">Codice autore SPICS: 28275</subfield>
    <subfield code="e">Autore</subfield>
    <subfield code="p">Camminando sull'orlo dei mari</subfield>
    <subfield code="9">17881</subfield>
  </datafield>
  <datafield tag="700" ind1=" " ind2=" ">
    <subfield code="a">De Sio Teresa</subfield>
    <subfield code="g">Codice autore testo/musica SPICS: 7265</subfield>
    <subfield code="e">Autore testo/musica</subfield>
    <subfield code="p">Camminando sull'orlo dei mari - Sotto 'o cielo - Veneno e vanno</subfield>
    <subfield code="9">17882</subfield>
  </datafield>
  <datafield tag="700" ind1=" " ind2=" ">
    <subfield code="a">Eno Brian</subfield>
    <subfield code="g">Codice autore musica SPICS: 11870</subfield>
    <subfield code="e">Autore musica</subfield>
    <subfield code="p">Veneno e vanno</subfield>
    <subfield code="9">17883</subfield>
  </datafield>
  <datafield tag="942" ind1=" " ind2=" ">
    <subfield code="c">MD</subfield>
    <subfield code="2">ddc</subfield>
  </datafield>
  <datafield tag="952" ind1=" " ind2=" ">
    <subfield code="0">0</subfield>
    <subfield code="1">0</subfield>
    <subfield code="4">0</subfield>
    <subfield code="6">27387_000000000000000</subfield>
    <subfield code="7">1</subfield>
    <subfield code="a">SPICS</subfield>
    <subfield code="b">SPICS</subfield>
    <subfield code="d">2013-10-25</subfield>
    <subfield code="l">0</subfield>
    <subfield code="o">27387</subfield>
    <subfield code="r">2013-10-25 00:00:00</subfield>
    <subfield code="w">2013-10-25</subfield>
    <subfield code="y">MD</subfield>
    <subfield code="z">Progr. Ins.: 6944 / N.Vol.: 1 / Copie: 1 - Copia rara: n.d. / date import: 01.01.2014 - By Epidotti, Trombetti, Vaglietti</subfield>
  </datafield>
</record>
